Whitman: a collection of critical essays

Uloženo v:
Podrobná bibliografie
Médium: Kniha
Jazyk:English
Vydáno: Estados Unidos Prentice-Hall 1962
Témata:
Tagy: Přidat tag
Žádné tagy, Buďte první, kdo vytvoří štítek k tomuto záznamu!

MARC

LEADER 00000nam a2200000Ia 4500
008 170316s9999 xx 000 0 eng d
040 |a cru BVZT 
090 |a C-810 W-2w 
245 |a Whitman: a collection of critical essays 
260 |a Estados Unidos 
260 |b Prentice-Hall 
260 |c 1962 
300 |a 183 páginas 
650 |a LITERATURA ESTADOUNIDENSE 
650 |a CRÍTICA 
942 |c 15 D 
999 |c 12883  |d 12883